00483 2200205 4500001002100000005001500021035002000036245005000056100001700106250000600123300003000129260003400159082001200193084001800205020001800223990000900241990000900250990000900259990000900268INLIS00000000000000120250804074554 a0010-08250000011 aJangan Terlena Di Zona Nyaman /cMuchtar A.F.0 aMuchtar A.F. a1 axxii + 274 hlm. ;c21 cm. aBandung :bYrama Widya,c2012 a331.252 a331.252 MUC j a9789790778535 a1857 a1858 a1859 a1860